People Who Died in January - Statistics

General Stats
  • This quiz has been taken 11 times
  • The average score is 14 of 31
Answer Stats
Hint Day Answer % Correct
Traveled from Italy to China, often overexaggerating his journey January 9th Marco Polo
89%
American gangster during the Prohibition period January 25th Al Capone
78%
Helped India gain independence from Great Britain January 30th Mahatma Gandhi
78%
Overthrew the Tzar and became ruler of the USSR in 1917 January 21st Vladimir Lenin
78%
Inspired Count Dracula January 1st Vlad the Impaler
78%
British Prime Minister during WWII January 24th Winston Churchill
78%
Rock singer who created 'Space Oddity' and ' Starman' January 10th David Bowie
67%
Discovered 4 of Jupiter's moons through the telescope January 8th Galileo Galilei
67%
British King and the first ruler of the House of Windsor January 20th George V
67%
First European who stepped foot in the Americas January 29th Leif Erikson
67%
Perfected Alternating Current (AC) January 7th Nikola Tesla
67%
Had the second longest reign of any monarch January 22nd Queen Victoria
67%
26th president of the United States January 6th Theodore Roosevelt
67%
Created Winnie-the-Pooh January 31st AA Milne
56%
Wrote the Star-Spangled Banner January 11th Francis Scott Key
56%
Basketball player who played for the Los Angeles Lakers January 26th Kobe Bryant
56%
Vice president of Lyndon B. Johnson. Lost election to Richard Nixon January 13th Hubert H. Humphrey
44%
Brother of Andy and Robin and a member of the Bee Gees January 12th Maurice Gibb
44%
19th president of the United States January 17th Rutherford B. Hayes
44%
Came up with over 100 uses for peanuts January 5th George Washington Carver
33%
The privateer who commanded the fleet against the Spanish Armada January 27th Sir Francis Drake
22%
Entrepreneur who built his fortune on railroads January 4th Cornelius Vanderbilt
11%
Commanded the last Apollo flights January 16th Eugene Cernan
11%
Commanding officer of the Space Shuttle Challenger that exploded January 28th Francis Scobee
11%
Played in Ecstasy in 1933 January 19th Hedy Lamarr
11%
Founder of a car company that produced cars such as the Charger January 14th John Francis Dodge
11%
Russian Ballerina who created The Dying Swan January 23rd Anna Pavlova
0%
Appeared in Forbidden Planet January 2nd Anne Francis
0%
Hall of Fame pitcher for the Los Angeles Dodgers January 18th Don Sutton
0%
Founded the New Age Movement January 3rd Edgar Cayce
0%
Has the title of 'Father of Photojournalism' January 15th Mathew Brady
0%
No matching quizzes found
Score Distribution
Percent of People with Each Score
Percentile by Number Answered
Your Score History
You have not taken this quiz